| Tag |
First Indicator |
Second Indicator |
Subfields |
| LEADER |
00000cam a2200000 4500 |
| 001 |
in00001007384 |
| 005 |
20150927215154.0 |
| 008 |
750114s1962 nyua 00010 eng |
| 010 |
|
|
|a 61012182
|
| 035 |
|
|
|a (OCoLC)01140336
|
| 035 |
|
|
|9 AFD5814AM
|
| 040 |
|
|
|a DLC
|c KSU
|d m.c.
|d SER
|d OCL
|d m/c
|d TXA
|d UtOrBLW
|
| 049 |
|
|
|a TXAS [mil]
|
| 050 |
0 |
0 |
|a D767
|b .L38
|
| 082 |
0 |
|
|a 940.5426
|
| 090 |
|
|
|a D767
|b .L38 1962
|
| 100 |
1 |
|
|a Leckie, Robert,
|d 1920-2001.
|
| 245 |
1 |
0 |
|a Strong men armed :
|b the United States Marines against Japan / Robert Leckie.
|
| 264 |
|
1 |
|a New York :
|b Random House,
|c [1962]
|
| 300 |
|
|
|a 563 pages :
|b illustrations ;
|c 24 cm.
|
| 336 |
|
|
|a text
|b txt
|2 rdacontent
|
| 337 |
|
|
|a unmediated
|b n
|2 rdamedia
|
| 338 |
|
|
|a volume
|b nc
|2 rdacarrier
|
| 650 |
|
0 |
|a World War, 1939-1945
|z Pacific Ocean.
|
| 610 |
1 |
0 |
|a United States.
|b Marine Corps
|x History.
|
| 650 |
|
0 |
|a World War, 1939-1945
|x Regimental histories
|z United States
|x Marine Corps.
|
| 999 |
|
|
|a MARS
|
| 999 |
f |
f |
|s 06ea397e-1e27-325a-82a3-f66453e0330c
|i 56b24fe2-9d75-3f94-b6a7-4b1de6441516
|t 0
|
| 952 |
f |
f |
|p normal
|a Texas A&M University
|b Galveston Campus
|c Jack K. Williams Library
|d Galveston Stacks
|t 0
|e D767 .L38
|h Library of Congress classification
|i unmediated -- volume
|m 33620000364782
|
| 952 |
f |
f |
|p noncirc
|a Texas A&M University
|b College Station
|c Cushing Memorial Library & Archives
|d Cushing: Ragan Military (Does not check out)
|t 0
|e D767 .L38 1962
|h Library of Congress classification
|i unmediated -- volume
|m A14852647024
|
| 998 |
f |
f |
|a D767 .L38 1962
|t 0
|l Cushing: Ragan Military (Does not check out)
|
| 998 |
f |
f |
|a D767 .L38
|t 0
|l Galveston Stacks
|